(Ne)dokonalý plán /
Příběh s romantickou zápletkou vypráví o ambiciózní Meredith, která má plán jak jednou pro vždy odsunout svého šéfa a dosáhnout vlastního povýšení. Jenomže co když je všechno trochu jinak?
Uloženo v:
| Série: | Sousedi,
část 2 |
|---|---|
| Hlavní autor: | |
| Médium: | E-kniha |
| Jazyk: | Czech |
| Vydáno: |
[Otaslavice] :
LA Publishing,
2025
|
| Témata: | |
| Příbuzné jednotky: | Z cyklu::
Sousedi |
| Tagy: |
Žádné tagy |
| LEADER | 02598nam a2200397 i 4500 | ||
|---|---|---|---|
| 001 | 312832 | ||
| 003 | CZ PrSKC | ||
| 005 | 20260601215729.0 | ||
| 007 | ta | ||
| 008 | 251106s2025 xr g 000 f cze | ||
| 015 | |a cnb003719208 | ||
| 020 | |a 9788090942271 |q (brožováno) : |c Kč 329,00 | ||
| 035 | |a (OCoLC)1568011683 | ||
| 040 | |a ABG001 |b cze |e rda | ||
| 072 | 7 | |a 821.162.3-3 |x Česká próza |2 Konspekt | |
| 080 | |a 821.162.3-31 |2 MRF | ||
| 080 | |a (0:82-31)-055.2 |2 MRF | ||
| 100 | 1 | |a Adams, Lusy, |d 1991- |7 xx0135444 |4 aut | |
| 245 | 1 | 0 | |a (Ne)dokonalý plán / |c Lusy Adams |
| 246 | 3 | |a Dokonalý plán | |
| 264 | 1 | |a [Otaslavice] : |b LA Publishing, |c 2025 | |
| 300 | |a 407 stran ; |c 22 cm | ||
| 336 | |a text |b txt |2 rdacontent | ||
| 337 | |a bez média |b n |2 rdamedia | ||
| 338 | |a svazek |b nc |2 rdacarrier | ||
| 520 | 2 | |a Příběh s romantickou zápletkou vypráví o ambiciózní Meredith, která má plán jak jednou pro vždy odsunout svého šéfa a dosáhnout vlastního povýšení. Jenomže co když je všechno trochu jinak? |b Meredith Lancaster má pověst, která ji vždycky předchází. Tvrdě maká, ještě tvrději si užívá - a co si o ní kdo myslí, je jí vážně jedno. Tedy dokud nejde o povýšení, které si sakra zaslouží. Aby ho získala, uzavře dohodu se svým nebezpečně přitažlivým sousedem. Pravidla jsou jasná: Práce a zábava se nemíchají. Pravda zůstane jen mezi nimi. Všechno skončí, jakmile dosáhnou cíle. Udržet si odstup od falešného přítele? Hračka. Jenže když se jí do cesty pořád motá James Harrington - její naškrobený, nesnesitelně sexy a naprosto zakázaný šéf - všechno se začne hroutit. Popichovat ho je zábava. Dokud nezačne oplácet. A když odhalí oheň skrytý pod tou ledovou fasádou, Meredith ztrácí půdu pod nohama a taky kontrolu. Rozehrála hru, kterou nemůže vyhrát. Nakladatelská anotace. | |
| 655 | 7 | |a české romány |7 fd133974 |2 czenas | |
| 655 | 7 | |a romány pro ženy |7 fd187897 |2 czenas | |
| 655 | 9 | |a Czech fiction |2 eczenas | |
| 655 | 9 | |a women's novels |2 eczenas | |
| 787 | 0 | 8 | |i Z cyklu: |t Sousedi |g 2 |
| 900 | |a ABA001 |b 21 | ||
| 044 | |a xr | ||
| 910 | |a RBIT002 | ||
| 998 | |d 422774 |a https://core.palmknihy.cz/api/books/422774/cover?t3kal7 |b https://core.palmknihy.cz/api/books/422774/cover/400?t3kal7 |c https://core.palmknihy.cz/api/books/422774/cover/50?t3kal7 |e |g 348 |i 9788090942271 |j https://core.palmknihy.cz/api/books/422774/preview.epub |k https://core.palmknihy.cz/api/books/422774/preview.pdf |l |q 49 |r 1 |s https://www.palmknihy.cz/kniha/422774 |t ebook |y 2025 |z 0 |v Sousedi |w 2 | ||
| 999 | |d 312830 | ||